1867 1440 1139 1387 1816 1654 1845 1901 1381 1522 1156 1237 1389 1931 1563 1531 1041 1170 1974 1791 1879 1382 1593 1178 1964 1362 1050 1664 1197 1716 1295 1189 1217 1517 1918 1981 1751 1520 1646 1318 1399 1730 1279 1888 1989 1236 1850 1620 1785 1258 1443 1498 1602 1537 1717 1858 1535 1564 1982 1290 1055 1254 1953 1972 1009 1439 1469 1647 1956 1319 1039 1788 1765 1388 1803 1717 1205 1763 1845 1895 1965 1307 1271 1504 1138 1899 1000 1752 1037 1512 1818 1699 1200 1180 1195 1901 1409 1593 1162 BCNSPRNW ULIB Ver.6.0+V

เปลี่ยนเป็นภาษาไทย

Change to English
 แสดงรายละเอียดบรรณานุกรม
  กลับหน้าหลัก

Brief Record : Get Marc (ISO 2709) : E-mail record : QR code < ปิดหน้าต่าง
LEADER : 00000nam 2200000uu 4500
001    13399111927
003     ULIB
008    110627s2552||||th 000 0 tha d
020    9786165000222
090    นว.^bอ967พ 2552
100 0  ไอศิยา
245 00 เพียงใจภักดิ์/^cไอศิยา
250    พิมพ์ครั้งที่ 1
260    กรุงเทพฯ :^bพิมพ์คำ,^c2552
300    328 หน้า
710 1  พิมพ์คำ
945    ^p220^l0^i028058
995    ทศพร
999 ^a ใช้งานได้ทุกระบบ
รายการนี้ยังไม่มีแท็ก
คุณยังไม่ได้ล็อกอิน คุณสามารถมีกิจกรรมร่วมกับเว็บไซต์ได้ แต่ต้องล็อกอินก่อน ::
  ล็อกอิน

รายการสื่อสารสนเทศ

ลำดับที่ ประเภท เลขเรียก/บาร์โค้ด สถานที่ สถานะ
- ไม่พบข้อมูล -

รายการใกล้เคียง
    ผู้แต่ง [ไอศิยา]

BibComment


ยังไม่เคยถูกคอมเมนท์

คอมเมนท์ทรัพยากรรายการนี้
  คอมเมนท์: เพียงใจภักดิ์ ไอศ..


 Copyright 2026. Bcnsprnw @Library